[Event "Provincial-ch Burjassot Preferente"]
[Site "Valencia"]
[Date "2011.11.26"]
[Round "7.2"]
[White "Gadea Iafigliola, Gabriel Fernan"]
[Black "Chakrian, Tigran"]
[Result "0-1"]
[WhiteElo "1924"]
[BlackElo "1897"]
[PlyCount "116"]
[EventDate "2011.10.01"]
[EventType "swiss"]
[EventRounds "7"]
[EventCountry "ESP"]
[SourceTitle "EXT 2024"]
[Source "ChessBase"]
[SourceDate "2023.10.10"]
[SourceVersion "1"]
[SourceVersionDate "2023.10.10"]
[SourceQuality "1"]

1. d4 d5 2. Nf3 Nf6 3. e3 e6 4. Bd3 c5 5. b3 Be7 6. 0-0 Nbd7 7. Nbd2 0-0 8. Bb2 b6 9. Qe2 Bb7 10. e4 dxe4 11. Nxe4 Nxe4 12. Bxe4 Bxe4 13. Qxe4 Bf6 14. Rad1 Qc7 15. c4 Rfd8 16. Rfe1 Rac8 17. Qe2 cxd4 18. Nxd4 Bxd4 19. Rxd4 Nf6 20. Red1 Rxd4 21. Rxd4 Rd8 22. Qd3 Rxd4 23. Qxd4 Qd7 24. Qxd7 Nxd7 25. b4 f6 26. Kf1 Kf7 27. Ke2 e5 28. Ke3 Ke6 29. f4 exf4+ 30. Kxf4 Nb8 31. g4 Nd7 32. h4 g6 33. Bd4 Kd6 34. Ke4 Ke6 35. c5 bxc5 36. bxc5 Nb8 37. Be3 a6 38. Bf4 Nc6 39. a3 Na7 40. a4 Nc6 41. Bd6 Nd8 42. Kd4 Nc6+ 43. Kc4 Ne5+ 44. Bxe5 Kxe5 45. c6 Kd6 46. c7 Kxc7 47. Kd5 Kb6 48. Ke6 Ka5 49. Kxf6 Kxa4 50. Kg7 Kb5 51. Kxh7 a5 52. Kxg6 a4 53. h5 a3 54. h6 a2 55. h7 a1Q 56. g5 Kc6 57. Kh6 Kd7 58. g6 Qf6 0-1

[Event "Provincial-ch Burjassot Preferente"]
[Site "Valencia"]
[Date "2011.11.19"]
[Round "6"]
[White "Chakrian, Tigran"]
[Black "Penades Ordaz, Victor"]
[Result "1-0"]
[WhiteElo "1897"]
[BlackElo "2086"]
[PlyCount "121"]
[EventDate "2011.10.01"]
[EventType "swiss"]
[EventRounds "7"]
[EventCountry "ESP"]
[SourceTitle "EXT 2024"]
[Source "ChessBase"]
[SourceDate "2023.10.10"]
[SourceVersion "1"]
[SourceVersionDate "2023.10.10"]
[SourceQuality "1"]

1. d4 Nf6 2. c4 g6 3. Nc3 Bg7 4. Bf4 d6 5. Nf3 c6 6. e3 Nh5 7. Bg5 h6 8. Bh4 g5 9. Nd2 Nf6 10. Bg3 Bf5 11. e4 Bg6 12. f3 Nbd7 13. Be2 Nh5 14. Bf2 Nf4 15. Bf1 c5 16. Nb3 b6 17. g3 Ne6 18. Be2 Rb8 19. d5 Nc7 20. Qc2 a6 21. f4 b5 22. cxb5 axb5 23. a4 b4 24. Nb5 Nxb5 25. Bxb5 Qc7 26. Bc6 0-0 27. 0-0 f5 28. e5 dxe5 29. Bxc5 Nf6 30. fxe5 Qxe5 31. Rae1 Ne4 32. Bd4 Qc7 33. Kg2 Qc8 34. Bxg7 Kxg7 35. Nd4 Rf7 36. Ne6+ Kh7 37. g4 Nd6 38. Qd3 Rb6 39. Rc1 Qa6 40. Qxa6 Rxa6 41. gxf5 Nxf5 42. Kg1 Nd6 43. Rxf7+ Bxf7 44. Re1 Ra7 45. b3 Kg6 46. Nd4 Kf6 47. Nc2 Nf5 48. Re4 e6 49. Nxb4 Ne7 50. d6 Nxc6 51. Nxc6 Rd7 52. b4 Rxd6 53. b5 Be8 54. Rc4 Rd1+ 55. Kf2 Ra1 56. a5 e5 57. b6 Ra2+ 58. Ke1 Bh5 59. Rb4 Bf3 60. b7 Bxc6 61. b8Q 1-0

[Event "Mislata-B 45th"]
[Site "Mislata"]
[Date "2011.08.18"]
[Round "5"]
[White "Ull Molina, Daniel"]
[Black "Chakrian, Tigran"]
[Result "1/2-1/2"]
[WhiteElo "1582"]
[BlackElo "1912"]
[PlyCount "71"]
[EventDate "2011.08.15"]
[EventType "tourn"]
[EventRounds "9"]
[EventCountry "ESP"]
[SourceTitle "EXT 2014"]
[Source "ChessBase"]
[SourceDate "2013.11.20"]
[SourceVersion "1"]
[SourceVersionDate "2013.11.20"]
[SourceQuality "1"]

1. d4 d5 2. c4 e6 3. Nc3 Nf6 4. Bg5 Be7 5. e3 0-0 6. Nf3 Nbd7 7. Bd3 b6 8. Qc2 c5 9. 0-0 Bb7 10. Rac1 Rc8 11. Nd2 h6 12. Bh4 e5 13. dxe5 Nxe5 14. Bf5 Ra8 15. cxd5 Nxd5 16. Bxe7 Qxe7 17. Nxd5 Bxd5 18. Be4 Rad8 19. Rfd1 Bxe4 20. Qxe4 Qf6 21. Nb3 Ng6 22. Qc2 Ne7 23. h3 Qe5 24. Nd2 Qc7 25. Nf3 Nc6 26. a3 Ne5 27. Nxe5 Qxe5 28. b3 b5 29. g3 Qc7 30. Kh2 Rxd1 31. Rxd1 c4 32. Rc1 Rc8 33. bxc4 bxc4 34. Qc3 Qd7 35. Qd4 Qa4 36. Rc3 1/2-1/2

[Event "Mislata-B 45th"]
[Site "Mislata"]
[Date "2011.08.17"]
[Round "4"]
[White "Chakrian, Tigran"]
[Black "Martinez Hernandez, Paula"]
[Result "1-0"]
[WhiteElo "1912"]
[BlackElo "1701"]
[PlyCount "89"]
[EventDate "2011.08.15"]
[EventType "tourn"]
[EventRounds "9"]
[EventCountry "ESP"]
[SourceTitle "EXT 2014"]
[Source "ChessBase"]
[SourceDate "2013.11.20"]
[SourceVersion "1"]
[SourceVersionDate "2013.11.20"]
[SourceQuality "1"]

1. d4 f5 2. c4 Nf6 3. Nc3 g6 4. Nf3 Bg7 5. Bf4 d6 6. e3 0-0 7. Be2 a6 8. 0-0 Kh8 9. Qd2 Bd7 10. b4 Be6 11. Rac1 Nbd7 12. c5 Nh5 13. d5 Nxf4 14. exf4 Bg8 15. Qe3 Nf6 16. Rfd1 Ng4 17. Qd2 dxc5 18. bxc5 Nf6 19. Ne5 Nd7 20. Nxd7 Qxd7 21. Bf3 b6 22. Qe3 bxc5 23. Qxc5 Qd6 24. Ne2 Rac8 25. g3 h6 26. Qe3 Bb2 27. Rc6 Qa3 28. Rxg6 Qxe3 29. fxe3 Kh7 30. Rxa6 Bf6 31. Rc1 Ra8 32. Rcc6 Rxa6 33. Rxa6 Rb8 34. Ra7 Rb1+ 35. Kf2 Rb2 36. a4 Rd2 37. Rxc7 Ra2 38. d6 Kg6 39. dxe7 Bf7 40. Ra7 Rd2 41. a5 Rd6 42. a6 Rb6 43. e4 Rb2 44. e5 Bg7 45. Rc7 1-0

[Event "Mislata-B 45th"]
[Site "Mislata"]
[Date "2011.08.16"]
[Round "3"]
[White "Fernandez Garcia, Olmo"]
[Black "Chakrian, Tigran"]
[Result "1/2-1/2"]
[WhiteElo "1677"]
[BlackElo "1912"]
[PlyCount "44"]
[EventDate "2011.08.15"]
[EventType "tourn"]
[EventRounds "9"]
[EventCountry "ESP"]
[SourceTitle "EXT 2014"]
[Source "ChessBase"]
[SourceDate "2013.11.20"]
[SourceVersion "1"]
[SourceVersionDate "2013.11.20"]
[SourceQuality "1"]

1. e4 c6 2. d4 d5 3. Nd2 dxe4 4. Nxe4 Bf5 5. Ng3 Bg6 6. Nf3 Nd7 7. Bc4 e6 8. c3 Bd6 9. 0-0 Ngf6 10. Re1 Nb6 11. Bb3 0-0 12. Ne5 Bxe5 13. Rxe5 Qc7 14. Qf3 Nbd7 15. Re1 Rfe8 16. Bf4 Qd8 17. Rad1 Nd5 18. Bxd5 cxd5 19. Qe2 Qb6 20. a3 Qc6 21. Nf1 Nb6 22. Ne3 h5 1/2-1/2

[Event "Valenciana U18"]
[Site "Valenciana"]
[Date "2011.04.29"]
[Round "6"]
[White "Alcaraz Ortega, Javier"]
[Black "Chakrian, Tigran"]
[Result "1-0"]
[WhiteElo "2236"]
[BlackElo "1897"]
[PlyCount "109"]
[EventDate "2011.04.27"]
[EventType "swiss"]
[EventRounds "7"]
[EventCountry "ESP"]
[SourceTitle "EXT 2024"]
[Source "ChessBase"]
[SourceDate "2023.10.10"]
[SourceVersion "1"]
[SourceVersionDate "2023.10.10"]
[SourceQuality "1"]

1. d4 d5 2. Nf3 Nf6 3. c4 e6 4. Nc3 Be7 5. Bg5 0-0 6. e3 Nbd7 7. Be2 b6 8. cxd5 Nxd5 9. Nxd5 exd5 10. Bf4 Nf6 11. 0-0 c5 12. Rc1 c4 13. b3 Ba3 14. Ra1 b5 15. Qc2 Ne4 16. bxc4 bxc4 17. Bxc4 Bf5 18. Bd3 Rc8 19. Qa4 Nc3 20. Qa6 Bxd3 21. Qxd3 Bb2 22. Rae1 h6 23. Qa6 Qb6 24. Qxb6 axb6 25. Bd6 Rfd8 26. Bb4 b5 27. Bxc3 Bxc3 28. Rb1 b4 29. Ne5 Rd6 30. Rfc1 Ra8 31. Nd3 Rxa2 32. Nxb4 Bxb4 33. Rxb4 Rc6 34. Rf1 Ra5 35. g3 Kh7 36. Kg2 Kg6 37. Rfb1 Ra2 38. Rb6 Ra6 39. Rb7 Kf6 40. Rb8 Ra7 41. R1b5 Rd7 42. Re8 Re6 43. Rbb8 Rdd6 44. Rbd8 Rc6 45. Rf8 Rcd6 46. Rxd6 Rxd6 47. Re8 Rd7 48. g4 g6 49. h4 Kg7 50. g5 hxg5 51. hxg5 Kh7 52. Kg3 Kg7 53. Kf4 f6 54. Re6 fxg5+ 55. Kxg5 1-0

[Event "ESP-chT U16"]
[Site "Benidorm"]
[Date "2010.12.07"]
[Round "5"]
[White "Chakrian, Tigran"]
[Black "Martin Duque, Jesus"]
[Result "1-0"]
[WhiteElo "1878"]
[BlackElo "2115"]
[PlyCount "97"]
[EventDate "2010.12.04"]
[EventType "team"]
[EventRounds "6"]
[EventCountry "ESP"]
[SourceTitle "EXT 2014"]
[Source "ChessBase"]
[SourceDate "2013.11.20"]
[SourceVersion "1"]
[SourceVersionDate "2013.11.20"]
[SourceQuality "1"]

1. d4 Nf6 2. c4 c6 3. Nc3 d5 4. Nf3 dxc4 5. a4 Bf5 6. e3 e6 7. Bxc4 Bb4 8. Bd2 0-0 9. 0-0 Nbd7 10. Re1 Bg6 11. Ne2 Bxd2 12. Nxd2 e5 13. a5 Qe7 14. Qb3 b5 15. Bd3 Bxd3 16. Qxd3 e4 17. Qb1 Rfe8 18. Nc3 b4 19. Na4 Nd5 20. Rc1 Rac8 21. Nc5 N7f6 22. Nc4 Nc7 23. Ne5 Nb5 24. Rc4 Nd5 25. Nb3 Qe6 26. Qc2 Ne7 27. Rxb4 f6 28. Nc5 Qf5 29. Nxc6 Rxc6 30. Rxb5 Rec8 31. Qb3+ Kh8 32. Rb8 Ng6 33. Rxc8+ Qxc8 34. Rc1 Nh4 35. Qd1 f5 36. Nb3 h6 37. d5 Rxc1 38. Qxc1 Qd8 39. Qd1 Qg5 40. g3 Nf3+ 41. Kf1 Qg4 42. Nd4 Nxh2+ 43. Ke1 Qh3 44. Qe2 Qg2 45. d6 Qg1+ 46. Kd2 Qb1 47. Kc3 Qa1 48. Kb4 Qa2 49. b3 1-0

[Event "ESP-chT U16"]
[Site "Benidorm"]
[Date "2010.12.05"]
[Round "2"]
[White "Montoliu Cervero, Francisco"]
[Black "Chakrian, Tigran"]
[Result "1-0"]
[WhiteElo "2100"]
[BlackElo "1878"]
[PlyCount "45"]
[EventDate "2010.12.04"]
[EventType "team"]
[EventRounds "6"]
[EventCountry "ESP"]
[SourceTitle "EXT 2014"]
[Source "ChessBase"]
[SourceDate "2013.11.20"]
[SourceVersion "1"]
[SourceVersionDate "2013.11.20"]
[SourceQuality "1"]

1. e4 c5 2. Nf3 Nc6 3. d4 cxd4 4. Nxd4 Nf6 5. Nc3 e6 6. Ndb5 Bb4 7. a3 Bxc3+ 8. Nxc3 d5 9. exd5 exd5 10. Bd3 0-0 11. 0-0 h6 12. Bf4 a6 13. Re1 Bg4 14. Qd2 d4 15. Ne2 Bxe2 16. Rxe2 Nd5 17. Bxh6 gxh6 18. Qxh6 Nf6 19. Rae1 Qd6 20. Bh7+ Kh8 21. Bf5+ Kg8 22. Re4 Ne5 23. Rh4 1-0